00414 2200157 4500001002100000005001500021035002000036245005800056100002700114300002800141260003100169082000800200084001400208020002200222990001200244INLIS00000000000304320250919073245 a0010-09250003901 aErlangga Fokus AKM SMA / MA /cTIM Erlangga Fokus AKM0 aTIM Erlangga Fokus AKM a260 hlm ;c21 x 25,5 cm aJakarta :bErlangga,c2020 a370 a370 TIM e a978-623-266-363-3 a0755592